| 000 | 00505nam a2200145 4500 | ||
|---|---|---|---|
| 001 | 108525 | ||
| 003 | ES-MaACL | ||
| 007 | t| | ||
| 008 | 061121s1923 ag r ||||1| spa d | ||
| 100 | 1 |
_aMontesano Delchi, Arturo. _982584 |
|
| 245 | 1 | 3 |
_aLa Sinarquía (Gobierno de los Pincipios) o sea la cuestión social _b: Estudiada a la luz del espiritualismo transcendente / _cpor Arturo Montesano Delchi. |
| 260 |
_aBuenos Aires : _bJ. Roldán, _c1923. |
||
| 300 |
_a61 p. ; _c19 cm. |
||
| 852 |
_aES-MaACL _jG-3183 |
||
| 999 |
_c108525 _d108525 |
||